03109cam a22003614a 4500001000400000003000400004005001700008008004100025020001500066040000800081041001300089082001500102100002900117245011900146260004400265300001100309520189200320650002702212650002102239650002902260650004802289650002802337650005302365655002602418655003202444700001902476700002102495700003702516700003502553942001202588952013402600999001302734424OSt20250527150858.0061003 1993 bl # 000 por  a8571643492 bpor hporaeng a296bV523m1 aGeza, Vermesd1924- 201300aOs manuscritos do mar morto /cGeza, Vermes ; Tradução de Júlia Bárány e Maria Helena de Oliveira Tricca aSão PaulobCompanhia das Letrasc1993 a415 p. aOs Manuscritos do Mar Morto, única obra que traz a tradução integral de todos os textos liberados ao público até o momento, faculta confiável e direto acesso às traduções desses fascinantes documentos, todo o material acessível à tradução dos manuscritos até agora. Como o processo de entrega dos documentos aos eruditos que os estudam tem sido muito lento, Geza Vermes - desde a publicação da primeira versão, em 1962 - tem acrescentado a cada uma delas mais textos traduzidos. Neste livro foram acrescentados vinte e seis novos textos, uma introdução discutindo o desenrolar da questão Qumran, com todos os seus problemas, e um inventário - apresentado pela primeira vez - de todos os documentos entregues em 1991; Esses fascinantes documentos, que foram encontrados em 1947, em Israel, trouxeram uma enorme mudança no entendimento da Bíblia hebraica, do judaísmo pós-bíblico e das origens do cristianismo. O grande interesse mundial por esses escritos está ligado a vários fatores: foram encontrados todos os textos da Bíblia hebraica (à exceção do Livro de Ester), textos esses mil anos mais antigos que o mais velho códice conhecido até então; a importância dos textos não-bíblicos, que mostram a preparação para a vinda de Jesus Cristo; por meio deles se pode conhecer melhor as raízes do Cristianismo. Enfim, o maior achado arqueológico do século XX, que proporcionou uma tradução mais acurada da própria Bíblia; Os primeiros capítulos descrevem a filosofia, a vida, as crenças e o significado dos escritos dos essênios. Esta obra tem a virtude de ser um eficiente guia para eruditos, estudantes cujos interesses abranjam o antigo judaísmo e o cristianismo incipiente e para o público em geral, que queiram conhecer um pouco mais essa seita extraordinária - os essênios.  0aLiteratura Inglesa989 0aGnosticismo9911 aManuscritos do Mar Morto 0aEscrituras judaicas — Textos antigos9906 aArqueologia Bíblica  0aInterpretação bíblica — Antiguidade9908 0aNão Ficção9102 0aEstudo Arqueológico 99091 aEdmund, Wilson1 aHildegard, Feist1 aMaria Helena de Oliveira, Tricca1 aJúlia Bárány, Bartolomei 2ddccBK 00102ddc40708NFICaBIBIBbBIBIBcRELd2025-05-19edoaçãol0o296 / V523mp2025-17348r2025-05-19 07:56:31w2025-05-19yBK c424d424